Sinh lý học sinh trưởng và phát triển của thực vật
v.v...
Đã lưu trong:
| Tác giả chính: | |
|---|---|
| Định dạng: | Sách |
| Năm xuất bản: |
H.
Giáo dục
1996
|
| Chủ đề: | |
| Tags: |
Thêm thẻ
Không có thẻ, Hãy là người đầu tiên gắn thẻ bản ghi này!
|
| LEADER | 04308nam a2200421 4500 | ||
|---|---|---|---|
| 999 | |c 775 |d 775 | ||
| 082 | |a 571.2 |b NG 527 NH | ||
| 100 | |a Nguyễn Như Khanh | ||
| 245 | |a Sinh lý học sinh trưởng và phát triển của thực vật |c Nguyễn Như Khanh | ||
| 260 | |a H. |b Giáo dục |c 1996 | ||
| 300 | |a 316tr. |c 21cm. | ||
| 520 | |a v.v... | ||
| 653 | |a Sinh học | ||
| 653 | |a Thực vật | ||
| 653 | |a Sinh lý học | ||
| 653 | |a Sinh trưởng | ||
| 653 | |a Phát triển | ||
| 942 | |2 ddc |c STK0 | ||
| 952 | |0 0 |1 0 |2 ddc |4 0 |6 571_200000000000000_NG_527_NH |7 1 |8 500 |9 15286 |a qbu |b qbu |c D3 |d 2014-11-26 |g 25000 |o 571.2 NG 527 NH |p 1862.C1 |w 2014-11-26 |y STK0 |0 0 |6 571_200000000000000_NG_527_NH | ||
| 952 | |0 0 |1 0 |2 ddc |4 0 |6 571_200000000000000_NG_527_NH |7 0 |8 500 |9 15287 |a qbu |b qbu |c D3 |d 2014-11-26 |g 25000 |o 571.2 NG 527 NH |p 1862.C2 |w 2014-11-26 |y STK0 |0 0 |6 571_200000000000000_NG_527_NH | ||
| 952 | |0 0 |1 0 |2 ddc |4 0 |6 571_200000000000000_NG_527_NH |7 0 |8 500 |9 15288 |a qbu |b qbu |c D3 |d 2014-11-26 |g 25000 |o 571.2 NG 527 NH |p 1862.C3 |w 2014-11-26 |y STK0 |0 0 |6 571_200000000000000_NG_527_NH | ||
| 952 | |0 0 |1 0 |2 ddc |4 0 |6 571_200000000000000_NG_527_NH |7 0 |8 500 |9 15289 |a qbu |b qbu |c D3 |d 2014-11-26 |g 25000 |o 571.2 NG 527 NH |p 1862.C4 |w 2014-11-26 |y STK0 |0 0 |6 571_200000000000000_NG_527_NH | ||
| 952 | |0 0 |1 0 |2 ddc |4 0 |6 571_200000000000000_NG_527_NH |7 0 |8 500 |9 15290 |a qbu |b qbu |c D3 |d 2014-11-26 |g 25000 |l 2 |m 1 |o 571.2 NG 527 NH |p 1862.C5 |r 2018-02-05 |s 2018-01-22 |w 2014-11-26 |y STK0 |0 0 |6 571_200000000000000_NG_527_NH | ||
| 952 | |0 0 |1 0 |2 ddc |4 0 |6 571_200000000000000_NG_527_NH |7 0 |8 500 |9 15291 |a qbu |b qbu |c D3 |d 2014-11-26 |g 25000 |o 571.2 NG 527 NH |p 1862.C6 |w 2014-11-26 |y STK0 |0 0 |6 571_200000000000000_NG_527_NH | ||
| 952 | |0 0 |1 0 |2 ddc |4 0 |6 571_200000000000000_NG_527_NH |7 0 |8 500 |9 15292 |a qbu |b qbu |c D3 |d 2014-11-26 |g 25000 |l 1 |o 571.2 NG 527 NH |p 1862.C7 |r 2018-02-01 |s 2018-01-22 |w 2014-11-26 |y STK0 |0 0 |6 571_200000000000000_NG_527_NH | ||
| 952 | |0 0 |1 0 |2 ddc |4 0 |6 571_200000000000000_NG_527_NH |7 0 |8 500 |9 15293 |a qbu |b qbu |c D3 |d 2014-11-26 |g 25000 |o 571.2 NG 527 NH |p 1862.C8 |w 2014-11-26 |y STK0 |0 0 |6 571_200000000000000_NG_527_NH | ||
| 952 | |0 0 |1 0 |2 ddc |4 0 |6 571_200000000000000_NG_527_NH |7 0 |8 500 |9 15294 |a qbu |b qbu |c D3 |d 2014-11-26 |g 25000 |o 571.2 NG 527 NH |p 1862.C9 |w 2014-11-26 |y STK0 |0 0 |6 571_200000000000000_NG_527_NH | ||
| 952 | |0 0 |1 0 |2 ddc |4 0 |6 571_200000000000000_NG_527_NH |7 0 |8 500 |9 15295 |a qbu |b qbu |c D3 |d 2014-11-26 |g 25000 |o 571.2 NG 527 NH |p 1862.C10 |w 2014-11-26 |y STK0 |0 0 |6 571_200000000000000_NG_527_NH | ||
| 952 | |0 0 |1 0 |2 ddc |4 0 |6 571_200000000000000_NG_527_NH |7 0 |8 500 |9 15296 |a qbu |b qbu |c D3 |d 2014-11-26 |g 25000 |o 571.2 NG 527 NH |p 1862.C11 |w 2014-11-26 |y STK0 |0 0 |6 571_200000000000000_NG_527_NH | ||
| 952 | |0 0 |1 0 |2 ddc |4 0 |6 571_200000000000000_NG_527_NH |7 0 |8 500 |9 15297 |a qbu |b qbu |c D3 |d 2014-11-26 |g 25000 |o 571.2 NG 527 NH |p 1862.C12 |w 2014-11-26 |y STK0 |0 0 |6 571_200000000000000_NG_527_NH | ||
| 952 | |0 0 |1 0 |2 ddc |4 0 |6 571_200000000000000_NG_527_NH |7 0 |8 500 |9 15298 |a qbu |b qbu |c D3 |d 2014-11-26 |g 25000 |o 571.2 NG 527 NH |p 1862.C13 |w 2014-11-26 |y STK0 |0 0 |6 571_200000000000000_NG_527_NH | ||
| 952 | |0 0 |1 0 |2 ddc |4 0 |6 571_200000000000000_NG_527_NH |7 0 |8 500 |9 15299 |a qbu |b qbu |c D3 |d 2014-11-26 |g 25000 |o 571.2 NG 527 NH |p 1862.C14 |w 2014-11-26 |y STK0 |0 0 |6 571_200000000000000_NG_527_NH | ||
| 952 | |0 0 |1 0 |2 ddc |4 0 |6 571_200000000000000_NG_527_NH |7 0 |8 500 |9 15300 |a qbu |b qbu |c D3 |d 2014-11-26 |g 25000 |l 5 |m 2 |o 571.2 NG 527 NH |p 1862.C15 |r 2020-05-26 |s 2020-05-11 |w 2014-11-26 |y STK0 |0 0 |6 571_200000000000000_NG_527_NH | ||
| 952 | |0 0 |1 0 |2 ddc |4 0 |6 571_200000000000000_NG_527_NH |7 0 |8 500 |9 15301 |a qbu |b qbu |c D3 |d 2014-11-26 |g 25000 |o 571.2 NG 527 NH |p 1862.C16 |w 2014-11-26 |y STK0 |0 0 |6 571_200000000000000_NG_527_NH | ||
| 952 | |0 0 |1 0 |2 ddc |4 0 |6 571_200000000000000_NG_527_NH |7 0 |8 500 |9 15302 |a qbu |b qbu |c D3 |d 2014-11-26 |g 25000 |o 571.2 NG 527 NH |p 1862.C17 |w 2014-11-26 |y STK0 |0 0 |6 571_200000000000000_NG_527_NH | ||
| 952 | |0 0 |1 0 |2 ddc |4 0 |6 571_200000000000000_NG_527_NH |7 0 |8 500 |9 15303 |a qbu |b qbu |c D3 |d 2014-11-26 |g 25000 |o 571.2 NG 527 NH |p 1862.C18 |w 2014-11-26 |y STK0 |0 0 |6 571_200000000000000_NG_527_NH | ||
| 952 | |0 0 |1 0 |2 ddc |4 0 |6 571_200000000000000_NG_527_NH |7 0 |8 500 |9 15304 |a qbu |b qbu |c D3 |d 2014-11-26 |g 25000 |o 571.2 NG 527 NH |p 1862.C19 |w 2014-11-26 |y STK0 |0 0 |6 571_200000000000000_NG_527_NH | ||
| 952 | |0 0 |1 0 |2 ddc |4 0 |6 571_200000000000000_NG_527_NH |7 0 |8 500 |9 15305 |a qbu |b qbu |c D3 |d 2014-11-26 |g 25000 |o 571.2 NG 527 NH |p 1862.C20 |w 2014-11-26 |y STK0 |0 0 |6 571_200000000000000_NG_527_NH | ||